Statistics for Vampirski dnevnici - Likovi sa slika

Click here to take the quiz!

General Stats

  • This quiz has been taken 61 times
  • The average score is 37 of 120

Answer Stats

Answer% Correct
Stefan
94%
Anna
89%
Damon
89%
Elena
89%
Katherine
80%
Klaus
77%
Bonnie
71%
Carol
66%
Elijah
66%
Rebekah
66%
Matt
63%
Tyler
60%
Alaric
57%
Caroline
57%
Jeremy
57%
Kai
54%
Enzo
51%
Kol
51%
Jenna
49%
Jo
49%
Vicki
49%
Lexi
46%
Silas
46%
Tom
43%
Amara
40%
Hayley
40%
John
40%
Liz
40%
Isobel
37%
Bill
34%
Emily
34%
Luke
34%
Mikael
34%
Rose
34%
Sybil
34%
Finn
31%
Josie
31%
Mason
31%
Nadia
31%
Esther
29%
Lily
29%
Lizzie
29%
Pearl
29%
Sarah
29%
Sheila
29%
Valerie
29%
April
26%
Jules
26%
Liv
26%
Lucy
26%
Luka
26%
Mary Louise
26%
Nora
26%
Zach
26%
Atticus
23%
Ben
23%
Brady
23%
Cade
23%
Connor
23%
Logan
23%
Meredith
23%
Miranda
23%
Peter
23%
Qetsiyah
23%
Ray
23%
Richard
23%
Seline
23%
Sophie
23%
Trevor
23%
William
23%
Aaron
20%
Abby
20%
Alexandria
20%
Alice
20%
Andie
20%
Bree
20%
Charlotte
20%
Dorian
20%
Grayson
20%
Ivy
20%
Jamie
20%
Jane-Anne
20%
Joshua
20%
Julian
20%
Kelly
20%
Markos
20%
Slater
20%
Tony
20%
Wes
20%
Aimee
17%
Alexander
17%
Ayana
17%
Beau
17%
Galen
17%
Georgina
17%
Giuseppe
17%
Henry
17%
Jesse
17%
Jonas
17%
Kim
17%
Liam
17%
Maddox
17%
Monique
17%
Oscar
17%
Rudy
17%
Sage
17%
Stevie
17%
Tripp
17%
Adrian
14%
Diane
14%
Frederick
14%
Gloria
14%
Greta
14%
Harper
14%
Krystal
14%
Mindy
14%
Penny
14%
Rayna
14%
Sloan
14%
Trudy
14%

Score Distribution

Percentile by Number Answered

Percent of People with Each Score

Your Score History

You have not taken this quiz